LEADER 03327nam a2200325 i 4500 001 000000359118 003 CaOOAMICUS 005 20241001090610.0 008 240726s2024 be a u100 u eng u 020 $a978-90-429-5052-8 040 $aSeMil$bita 111 2 $aColloquium biblicum lovaniense <70. ; 2021 ; online>.$0(OLS)http://semarc/name/120057 245 14$aThe Letter to the Hebrews /$cedited by Régis Burnet. 264 1$aLeuven [etc.] :$bPeeters,$c2024. 300 $aXVI, 458 p. ;$c25 cm 490 1 $aBibliotheca Ephemeridum Theologicarum Lovaniensium ;$v335 500 $aAtti del 70. congresso tenuto online nel 2021 505 00$aWhat is the purpose of the Epistle to the Hebrews? : a history of readings of the interpretative framework of Hebrews' theology? / Régis Burnet. -- The Letter to the Hebrews and the authority of Scripture / Harold W. Attridge. -- How the virtue of mimesis and cosmology serve ethics : reading Hebrews with Giorgio Agamben / Gabriella Gelardini. -- La figure de Melchisédech dans le judaïsme et le christianisme anciens suivi de quelques échos modernes / Steeve Bélanger. -- Becoming ideal citizens of the coming city : new-covenant naturalization in early christianity and Hebrews / Jason A. Whitlark. -- Die Vorstellungen von Zeit und Raum im Hebräerbrief / Thomas Witulski. -- Faith and faithfulness in the Epistle to the Hebrews / Eric F. Mason. -- Boldly approaching the throne while still waiting for salvation : the dynamics of heavenly access and Jesus' awaited return in Hebrews' soteriology / David M. Moffitt. -- The God who communicates : a study in the characterization of God in Hebrews / Brian C. Small 505 00$a'Der Brief' an die Hebräer und die Apolloshypothese / Gert J. Steyn. -- Style and language in Hebrews : the use of a-privative vocabulary / Joseph Verheyden. -- "Car vivante est la parole de Dieu" : la productivité des intertextes dans l'Épître aux Hébreux / Antoine Paris. -- Textgeschichte und Theologie : Hinweise zur alten Überlieferung des Hebräerbriefs / Martin Karrer. -- A Syriac case for the reception of Hebrews : Isaac of Nineveh's ascetic-mystical Corpus / Valentina Duca. -- Der Hebräerbrief als Hintergrund der 'exempla biblica' aus Ankara (Mitchell - French 2019, nr. 347-348) / Vadim Wittkowsky. -- He 1,1-4 dans le Vatican ar. 13 et les manuscrits arabes du Sinaï : avec un complément sur He 2,9 / Jean G. Valentin. -- Unpolluted beds and unparted ways : Hebrews 13,4b and the practices of sexual purity / Armin M. Kummer 546 $aSaggi in inglese, francese e tedesco 650 04$aBibbia - Atti di congressi.$0(OLS)http://semarc/subject/17280 650 04$aBibbia - NT - Lettera agli Ebrei - Atti di congressi.$0(OLS)http://semarc/subject/43821 700 1 $aBurnet, Régis,$d<1973- >.$0(OLS)http://semarc/name/47896 830 0$aBibliotheca Ephemeridum Theologicarum Lovaniensium ;$v335.$0(OLS)http://semarc/title/108 850 $aSeMil 852 $aSeMil$W1$xVenegono$y1$m2IA A 335$j249634$B250166$CSeMilBibl$Z2$F250166 $81 996 $6020$a978-90-429-5052-8$9(OLS)http://semarc/number/300855 996 $6245$aThe Letter to the Hebrews$9(OLS)http://semarc/title/449546 996 $6264$aLeuven [etc.] :$bPeeters$9(OLS)http://semarc/publisher/32081 LEADER 01408nam a2200289 i 4500 001 000000183732 003 CaOOAMICUS 005 20250212114652.0 008 091125s1961 it u000 u ita u 040 $aSeMil$bita 100 1 $aGuerello, Franco,$c.$0(OLS)http://semarc/name/67582 245 10$aLettere di Innocenzo 4. dai cartolari notarili genovesi /$cdi Franco Guerello. 264 1$aRoma :$bPontificia Università Gregoriana,$c1961. 300 $aXVI, 163 p. ;$c25 cm. 490 1 $aMiscellanea Historiae Pontificiae ;$v23. 650 4$aGenova - Notariato - Lettere e carteggi.$0(OLS)http://semarc/subject/57124 650 4$aDiplomatica ecclesiastica - Pontificia.$0(OLS)http://semarc/subject/4944 650 4$aInnocenzo IV - Lettere e carteggi.$0(OLS)http://semarc/subject/34725 700 0 $aInnocentius IV,$c.$0(OLS)http://semarc/name/26061 830 0$aMiscellanea Historiae Pontificiae ;$v23.$0(OLS)http://semarc/title/24 850 $aSeMil 852 $aSeMil$W1$xVenegono$y1$m3TA M 23$j254455$B134432$CSeMilBibl$Z2$F146045 $81 900 0 $aInnocenzo IV$c. 996 $6245$aLettere di Innocenzo 4. dai cartolari notarili genovesi$9(OLS)http://semarc/title/263687 996 $6264$aRoma :$bPontificia Università Gregoriana$9(OLS)http://semarc/publisher/29750